| 000 | 01289cam a2200373 a 4500 | ||
|---|---|---|---|
| 001 | 15923799 | ||
| 003 | OSt | ||
| 005 | 20240724162335.0 | ||
| 008 | 090923s2010 flua b 001 0 eng | ||
| 010 | _a 2009039065 | ||
| 020 | _a9781439811856 | ||
| 035 | _a(DNLM)101515778 | ||
| 040 |
_aDNLM/DLC _cDLC _dDLC |
||
| 042 | _apcc | ||
| 050 | 0 | 0 |
_aRC267 _b.C36 2010 |
| 245 | 0 | 0 |
_aCancer systems biology / _cedited by Edwin Wang. |
| 260 |
_aBoca Raton : _bCRC Press, _c2010. |
||
| 300 | _axix, 419 p. | ||
| 490 | 1 |
_aChapman & Hall/CRC mathematical and computational biology series ; _v32 |
|
| 504 | _aIncludes bibliographical references and index. | ||
| 650 | 0 |
_aCancer _xResearch _xMethodology. |
|
| 650 | 0 | _aSystems biology. | |
| 650 | 0 | _aGene regulatory networks. | |
| 650 | 1 | 2 |
_aNeoplasms _xgenetics. |
| 650 | 2 | 2 |
_aGene Expression Regulation, Neoplastic _xphysiology. |
| 650 | 2 | 2 |
_aGene Regulatory Networks _xphysiology. |
| 650 | 2 | 2 |
_aGenes, Neoplasm _xphysiology. |
| 650 | 2 | 2 |
_aSystems Biology _xmethods. |
| 700 | 1 | _aWang, Edwin. | |
| 830 | 0 |
_aChapman and Hall/CRC mathematical & computational biology series ; _v32. |
|
| 906 |
_a7 _bcbc _corignew _d1 _eecip _f20 _gy-gencatlg |
||
| 942 |
_2lcc _cBK |
||
| 999 |
_c19921 _d19920 |
||